ბათუმის შოთა რუსთაველის სახელმწიფო უნივერსიტეტის ბიბლიოთეკა

Лабораторный контроль при добыче нефти и газа. (ბიბ.ჩანაწერი № 35747)

000 -LEADER
fixed length control field 00678nam a2200217Ia 4500
001 - CONTROL NUMBER
control field 1626
003 - CONTROL NUMBER IDENTIFIER
control field GE_BSU
008 - FIXED-LENGTH DATA ELEMENTS--GENERAL INFORMATION
fixed length control field 181216s||||||||xx |||||||||||||| ||und||
040 ## - CATALOGING SOURCE
Transcribing agency GE_BSU
080 ## - UNIVERSAL DECIMAL CLASSIFICATION NUMBER
Universal Decimal Classification number 622.276
100 ## - MAIN ENTRY--PERSONAL NAME
Personal name Байков,Н.М. Сайфутдинова,Х.Х. Г.Н.Авдева,
245 ## - TITLE STATEMENT
Title Лабораторный контроль при добыче нефти и газа.
245 ## - TITLE STATEMENT
Remainder of title Учебное пособие.
260 ## - PUBLICATION, DISTRIBUTION, ETC.
Place of publication, distribution, etc. М.
260 ## - PUBLICATION, DISTRIBUTION, ETC.
Name of publisher, distributor, etc. Недра.
260 ## - PUBLICATION, DISTRIBUTION, ETC.
Date of publication, distribution, etc. 1983.
300 ## - PHYSICAL DESCRIPTION
Extent 127стр. 21см.
653 ## - INDEX TERM--UNCONTROLLED
Uncontrolled term Лабораторный контроль при добыче нефти и газа.
942 ## - ADDED ENTRY ELEMENTS (KOHA)
Koha item type წიგნი
ეგზემპლარები
Withdrawn status Lost status Damaged status Not for loan Date acquired Barcode Date last seen Price effective from Koha item type
        2018-12-17 3062 2018-12-17 2018-12-17 წიგნი